000 00402nam a2200145Ia 4500
008 240624s9999 xx 000 0 und d
041 _aeng
082 _a658.5 ADA
100 _aADAM EVERETT E
245 _aPRODUCTION AND OPERATIONS MANAGEMENT CONCEPTS
250 _a(5th ed.)
260 _c2015
_aNew Delhi
_bPHI Learning Private Limited
300 _aviii, : 729 : p. : cm. ; 27
365 _cRS
_b33
999 _c25545
_d25545